| LEADER 00000nam 2200000uu 4500 |
| 001 13399123288 |
| 003 BCNR |
| 008 120906s2555 th a 000 0 tha d |
| 020 ^a9789741116270
|
| 041 0 ^atha
|
| 060 04 ^aWD300^bร924 2555
|
| 245 00 ^aโรคภูมิแพ้และโรคภูมิคุ้มกันบกพร่องปฐมภูมิในเด็ก =^bPediatric allergy & primary immunodeficiency diseases /^cอรทัย พิบูลโภคานันท์ ...[และคนอื่นๆ], บรรณาธิการ
|
| 246 30 ^aPediatric allergy and primary immunodeficiency diseases
|
| 246 31 ^aPediatric allergy & primary immunodeficiency diseases
|
| 250 ^aพิมพ์ครั้งที่ 1
|
| 260 ^aกรุงเทพฯ :^bสรรพสาร,^c2555
|
| 300 ^a833 หน้า :^bภาพประกอบ, ตาราง ;^c27 ซม.
|
| 504 ^aมีบรรณานุกรมท้ายบทและดัชนีท้ายเล่ม
|
| 650 7 ^aภูมิแพ้ในเด็ก
|
| 650 7 ^aภูมิคุ้มกันบกพร่อง
|
| 650 7 ^aภูมิคุ้มกันในเด็ก
|
| 650 7 ^aภูมิแพ้, โรค^xในวัยทารกและเด็ก
|
| 650 7 ^aภูมิคุ้มกันบกพร่อง^xในวัยทารกและเด็ก
|
| 650 7 ^aภูมิคุ้มกัน, โรค^xในวัยทารกและเด็ก
|
| 700 0 ^aอรทัย พิบูลโภคานันท์,^eบรรณาธิการ
|
| 700 0 ^aนวลอนงค์ วิศิษฏสุนทร,^eบรรณาธิการ
|
| 700 0 ^aวรวิชญ์ เหลืองเวชการ,^eบรรณาธิการ
|
| 700 0 ^aปัญจมา ปาจารย์,^eบรรณาธิการ
|
| 710 2 ^aมหาวิทยาลัยมหิดล. ^bคณะแพทยศาสตร์ศิริราชพยาบาล.^bภาควิชากุมารเวชศาสตร์
|
| 999 ^aบรรณารักษ์
|